000 00221nam a2200085 4500
001 1257660
005 20260218083636.0
245 _akayıp isimler krallığı gözyaşı vampirleri
_cfigen yaman coşar
260 _berdem genç
999 _c1257660
_d1257660